LIBRARY & INFORMATION CENTRE, KCAET, TAVANUR

ONLINE PUBLIC ACCESS CATALOGUE (OPAC)

Palgraves golden treasury / (Record no. 6071)

MARC details
000 -LEADER
fixed length control field 00356cam a2200145ua 4500
041 ## - LANGUAGE CODE
Language code of text/sound track or separate title eng
082 ## - DEWEY DECIMAL CLASSIFICATION NUMBER
Classification number 821
Item number PAL/PA
100 ## - MAIN ENTRY--AUTHOR NAME
Personal name Palgrave, .
245 ## - TITLE STATEMENT
Title Palgraves golden treasury /
260 ## - PUBLICATION, DISTRIBUTION, ETC. (IMPRINT)
Place of publication London :
Name of publisher J M Dent and Sons Ltd ,
Year of publication 1961.
300 ## - PHYSICAL DESCRIPTION
Number of Pages 490 ; .
942 ## - ADDED ENTRY ELEMENTS (KOHA)
Koha item type Books
Holdings
Withdrawn status Lost status Damaged status Home library Current library Date acquired Full call number Accession Number Koha item type
Withdrawn     KAUAET Sanskrit University 07/04/2012 821 4439 Books
free website counter